Opčné obchody vylučujú riziko strát z kolísania cien

Predaj kúpnych opcií na akcie. Nákup kúpnych opcií na akcie. Kúpa predajných opcií na akcie.

Na minha lista:
Detalhes bibliográficos
Autor principal: Briška, L.
Formato: Capítulo de Livro
Idioma:eslovaco
Assuntos:
Tags: Adicionar Tag
Sem tags, seja o primeiro a adicionar uma tag!

MARC

LEADER 00000naa a2200000 4500
001 r014179
005 20221205080641.4
041 0 |a slo 
044 |a SK 
245 1 0 |a Opčné obchody vylučujú riziko strát z kolísania cien  |c L. Briška 
520 |a Predaj kúpnych opcií na akcie. Nákup kúpnych opcií na akcie. Kúpa predajných opcií na akcie. 
610 2 0 |a opcie 
610 2 0 |a obchody opčné 
610 2 0 |a riziko 
610 2 0 |a strata 
100 1 |a Briška, L.